000 00541nam a2200181Ia 4500
008 090201s9999 xx 000 0 und d
010 _aKPL-67659
040 _bमराठी
041 _aमराठी
082 _a45215
_b67659
100 _aराम शेवाळकर
245 _aध्यास शिखरे
_cराम शेवाळकर
250 _a1
260 _c2005
_bपरीमल प्रकाशन
300 _a204
_bमोठा
600 _aध्यास शिखरे
942 _cBOOK
999 _c242143
_d242143